1084 1019 1260 1313 1816 1905 1279 1406 1887 1259 1106 1814 1129 1917 1292 1963 1210 1731 1335 1031 1647 1791 1982 1959 1684 1643 1726 1448 1804 1159 1103 1472 1103 1785 1248 1590 1751 1821 1578 1600 1998 1052 1699 1578 1865 1598 1860 1281 1274 1402 1882 1416 1373 1364 1016 1213 1207 1737 1766 1408 1051 1599 1076 1875 1947 1873 1269 1460 1527 1594 1789 1557 1072 1901 1608 1470 1314 1571 1949 1741 1722 1722 1903 1633 1006 1973 1034 1790 1824 1946 2000 1091 1484 1705 1107 1328 1059 1820 1232 BCNSPRNW ULIB Ver.6.0+V

เปลี่ยนเป็นภาษาไทย

Change to English
 แสดงรายละเอียดบรรณานุกรม
  กลับหน้าหลัก

Brief Record : Get Marc (ISO 2709) : E-mail record : QR code < ปิดหน้าต่าง
LEADER : 00000nam 2200000uu 4500
001    13399122199
003     ULIB
008    130109s2552||||th 000 0 tha d
060  4 ^aWK810^bส839ก
100    ^a รุจิรา สัมมะสุุต
110    ^aสมาคมผู้ให้ความรู้โรคเบาหวาน
245 00 ^aการบริโภคอาหารเพื่อสุขภาพที่ดีของผู้เป็นโรคเบาหวาน/^cสมาคมผู้ให้ความรู้โรคเบาหวาน
250    ^aพิมพ์ครั้งที่ 4
260    ^aกรุงเทพฯ:^bสมาคมผู้ให้ความรู้โรคเบาหวาน,2552
300    ^a39 หน้า:^bภาพประกอบ
650  7 ^aโรคเบาหวาน
710 1  ^aสมาคมผู้ให้ความรู้โรคเบาหวาน
945    ^p40^l0^i033397
995    ^aเกษร
999    ^aใช้งานได้ทุกระบบ
รายการนี้ยังไม่มีแท็ก
คุณยังไม่ได้ล็อกอิน คุณสามารถมีกิจกรรมร่วมกับเว็บไซต์ได้ แต่ต้องล็อกอินก่อน ::
  ล็อกอิน

รายการสื่อสารสนเทศ

ลำดับที่ ประเภท เลขเรียก/บาร์โค้ด สถานที่ สถานะ
1. วิทยาศาสตร์การแพทย์ และสุขภาพ
หนังสือสำรอง
สถานะ=หนังสือสำรอง
WK810 ส839ก ฉ.1 
  Barcode: 033397
ห้องสมุดวิทยาเขตสวรรค์ประชารักษ์
►หนังสือทั่วไป
บนชั้น

รายการใกล้เคียง
    หัวเรื่อง [โรคเบาหวาน]

BibComment


ยังไม่เคยถูกคอมเมนท์

คอมเมนท์ทรัพยากรรายการนี้
  คอมเมนท์: การบริโภคอาหารเพ..


 Copyright 2026. Bcnsprnw @Library